Mes souvenirs

Guardat en:
Dades bibliogràfiques
Autor principal: Laliberte, Alfred
Format: Llibre
Idioma:Undetermined
Publicat: Montreal, Canadá Boreal Express 1978
Matèries:
Etiquetes: Afegir etiqueta
Sense etiquetes, Sigues el primer a etiquetar aquest registre!

MARC

LEADER 00000nam a2200000Ia 4500
008 170316s9999 xx 000 0 und d
040 |a cru BVZT 
090 |a 818 L-2m 
100 |a Laliberte, Alfred 
245 |a Mes souvenirs 
260 |a Montreal, Canadá 
260 |b Boreal Express 
260 |c 1978 
300 |a 270 páginas 
650 |a LITERATURA CANADIENSE 
942 |c 15 D 
999 |c 6525  |d 6525